000 00658nam a22002417a 4500
003 UA-OsUOA
001 31680
007 ta
008 20050110b un ||||| |||| 00| 0 ukr d
090 _a94(4)
_bХ91
942 _cBK
040 _aUA-OsUOA
_bukr
_cUA-OsUOA
_dUA-OsUOA
245 _aХрестоматія з нової історії
_bПосібник для вчителя
_cРед. О. І.Молок В. О.Орлов
_n1642-1870
300 _a304 с.
955 _a0
041 _aukr
080 _a94(4)
260 _aКиїв
_bРадянська школа
_c1960
246 3 1 _aЧ. І
_n
044 _aUA
650 7 _2UDC
999 _c318110
_d318110